| 000 | 00759nab a2200229u 4500 | ||
|---|---|---|---|
| 001 | 16698 | ||
| 003 | HDC | ||
| 007 | c| |||a|c|aaaa | ||
| 008 | 210220b20140516my ||||| |||| 00| 0 may d | ||
| 040 | _aHDC | ||
| 245 | 0 | _aKerajaan rancang subsidi pakej perisian GST bantu PKS | |
| 336 |
_atext _2rdacontent |
||
| 337 |
_acomputer _2rdamedia |
||
| 338 |
_aonline resource _2rdacarrier |
||
| 650 |
_aGovernment Service Tax (GST) _916407 |
||
| 650 |
_asmall and medium enterprises (SME) _97657 |
||
| 710 | _aBERITA HARIAN | ||
| 856 | _zRequest full-text at [email protected] | ||
| 942 | _2lcc | ||
| 942 | _cNEWS | ||
| 942 | _kNWSC 004923 | ||
| 999 |
_c14014 _d14014 |
||